Písnĕ slawské

Spevníček národných piesní - slovanských. Obsahuje vlastenecké básne od slovenských, českých, poľských, chorvátskych autorov; ľudové piesne; náčrty a čistopisy básní

Bibliographic Details
Main Authors: Hroboň, Samo Bohdan, 1820-1894 (Author), Hroboň, Ľudovít Miloslav, 1817-1880 (Author)
Format: Manuscript Book
Language:Slovak
Polish
PhysicalDescription:146 nečíslovaných strán rukopis, viazaný 15 cm
Published: [Liptovská Sielnica] 1844-1877
Subjects:

MARC

LEADER 00000ntmaa2200000 a 4500
001 vtls011978609
003 SK-MaSNL
005 20260301053521.0
008 251201i1844 xo || 000 p slo
035 |a urn:nbn:sk:snk-tm00eed1 
035 |a urn:nbn:sk:snk-tm3n38y 
035 |a 84EAAE5C-13D6-4F48-A84C-269329210444 
040 |a SNKLA  |b slo  |c SNKLA  |e AACR2 
041 0 |a slo  |a pol 
044 |a xo  |c SK 
072 7 |a 821.16  |x Slovanské literatúry  |2 konspekt 
080 |a 172.15  |2 2011 
080 |a (=16)  |2 2011 
080 |a (0:82-14)  |2 2001 
080 |a (0:82-192)  |2 2011 
080 |a 025.171  |2 2011 
080 |a 821.162.4-1  |2 2011 
080 |a 82-1  |2 2011 
080 |a 821.162.3-1  |2 2011 
080 |a 821.162.1-1  |2 2011 
080 |a 821.163.42-1  |2 2001 
100 1 |a Hroboň, Samo Bohdan,  |d 1820-1894  |4 aut  |9 258611 
245 1 0 |a Písnĕ slawské  |c Samo Bohdan Hroboň ; Ľudovít Hroboň 
260 |a [Liptovská Sielnica]  |c 1844-1877 
300 |a 146 nečíslovaných strán  |b rukopis, viazaný  |c 15 cm 
500 |a Názov na chrbte knihy, nečitateľný 
500 |a Niekoľko básní vpísal Ľudovít Hroboň 
520 2 |a Spevníček národných piesní - slovanských. Obsahuje vlastenecké básne od slovenských, českých, poľských, chorvátskych autorov; ľudové piesne; náčrty a čistopisy básní 
555 0 |a IX. Inventár rukopisov Literárneho archívu MS. Fondy 42-45. Matica slovenská v Martine 1980 
561 |a Okrúhla pečiatka: Matica slovenská Martin Archív literatúry a umenia 
650 0 7 |a vlastenectvo  |2 SNKPH  |9 16817 
650 0 7 |a Slovania  |2 SNKPH  |9 18587 
655 7 |a piesne  |2 SNKPH  |9 70745 
655 7 |a spevníky  |2 SNKPH  |9 70506 
655 7 |a rukopisy  |2 SNKPH  |9 70548 
655 7 |a slovenská poézia  |2 SNKPH  |9 70444 
655 7 |a básne  |2 SNKPH  |9 86731 
655 7 |a česká poézia  |2 SNKPH  |9 70569 
655 7 |a poľská poézia  |2 SNKPH  |9 70590 
655 7 |a chorvátska poézia  |2 SNKPH  |9 70729 
700 1 |a Hroboň, Ľudovít Miloslav,  |d 1817-1880  |4 aut  |9 154529 
852 |a Slovenská národná knižnica  |b Literárny archív 
958 |a OF 
958 |a LAVD 
999 |c 608539  |d 610469 
952 |a SNKLA  |b SNKLA  |c SNKLA_DEP  |y NEVYP  |7 0  |p 17A1229492  |o snk44 L 11  |0 0  |1 0  |4 0  |d 2020-07-03  |f 1  |l 0  |r 2026-02-23 16:15:37  |w 2026-02-23